|
|
|
|
| LEADER |
00000cam a2200000 7i4500 |
| 001 |
0000003011 |
| 005 |
20040331.0 |
| 090 |
0 |
0 |
|a RP 333.9534
|b DIR 1991
|
| 245 |
0 |
0 |
|a DIRECTORY of plant genetic resources in Malaysia
|c information compiled by Saw Leng Guan, Raja Barizan Raja Sulaiman
|
| 260 |
0 |
0 |
|a Kuala Lumpur :
|b Forest Research Institute Malaysia ,
|c 1991
|
| 300 |
|
|
|a 161 p. ;
|c 30 cm.
|
| 440 |
0 |
0 |
|a Research pamphlet ; no. 109
|
| 500 |
0 |
0 |
|a Includes bibliographical references : (p. 3)
|
| 650 |
0 |
0 |
|a Germplasm resources, Plant
|z Malaysia
|x Directories
|
| 700 |
0 |
1 |
|a Raja Barizan Raja Sulaiman
|
| 700 |
0 |
1 |
|a Saw
|h Leng Guan
|
| 710 |
1 |
1 |
|a Institut Penyelidikan Perhutanan Malaysia (FRIM)
|
| 710 |
1 |
1 |
|a Malaysian National Committee on Plant Genetic Resources
|
| 998 |
|
|
|a JPSM
|
| 999 |
|
|
|a 0000005352
|b Monograph
|c Open Shelf
|e Default branch
|
| 999 |
|
|
|a 0000005353
|b Monograph
|c Open Shelf
|e Default branch
|
| 999 |
|
|
|a 0000005354
|b Monograph
|c Open Shelf
|e Default branch
|